Teatro tibetano / (Record no. 129014)

MARC details
000 -LEADER
campo de control de longitud fija 00705nam a2200193 i 4500
001 - NÚMERO DE CONTROL
campo de control 129014
003 - IDENTIFICADOR DE NÚMERO DE CONTROL
campo de control ES-MaACL
005 - FECHA Y HORA DE LA ÚLTIMA TRANSACCIÓN
campo de control 20231204170724.0
007 - CAMPO FIJO DE DESCRIPCIÓN FÍSICA--INFORMACIÓN GENERAL
campo de control de longitud fija t|
008 - DATOS DE LONGITUD FIJA--INFORMACIÓN GENERAL
campo de control de longitud fija 070601s1934 sp ||||1| spa d
080 ## - NÚMERO DE LA CLASIFICACIÓN DECIMAL UNIVERSAL
Número de la Clasificación Decimal Universal 895.4-2(082)
245 00 - MENCIÓN DEL TÍTULO
Título Teatro tibetano /
Mención de responsabilidad, etc. prólogo y traducción de Cristóbal de Castro.
260 ## - PUBLICACIÓN, DISTRIBUCIÓN, ETC.
Lugar de publicación, distribución, etc. Madrid :
Nombre del editor, distribuidor, etc. M. Aguilar,
Fecha de publicación, distribución, etc. 1934.
300 ## - DESCRIPCIÓN FÍSICA
Extensión 142 p. ;
Dimensiones 20 cm.
505 8# - NOTA DE CONTENIDO CON FORMATO
Nota de contenido con formato Contiene: Tchrimekundan o El hijo del rey (tragedia).-- Drozanonmo o La Brahmina(cuento de hadas).-- Nansal o El brillante de cien mil luces (drama histórico)
700 1# - ENTRADA AGREGADA--NOMBRE PERSONAL
Nombre de persona Castro, Cristóbal de,
Fechas asociadas al nombre 1874-1953
9 (RLIN) 36843
852 ## - LOCALIZACIÓN
Ubicación ES-MaACL
Número de control de estantería C-4168
Sublocalización o colección R.24090
Holdings
Estatus retirado Estado de pérdida Estado de daño No para préstamo Biblioteca de origen Biblioteca actual Ubicación en estantería Fecha de adquisición Fuente de adquisición Total de préstamos Signatura topográfica completa Código de barras Visto por última vez Precio de reemplazo Tipo de ítem Koha
        Biblioteca del Ateneo de Madrid Biblioteca del Ateneo de Madrid Sala Palomar 17/01/2008     C-4168 1134355 23/02/2023 23/02/2023 Libro impreso